Enseñar en la universidad: (Registro nro. 9371)

Detalles MARC
000 -Cabecera
Campo de control interno 00473nam a2200181Ia 4500
005 - Fecha y hora del registro
control field 20260306161713.0
008 - Elementos de Longitud Fija
fixed length control field 260306t2013||||xx |||||||||||||| ||spa||
041 ## - Idioma
Codigo Idioma ESP
082 ## - DEWEY y NOTACIÓN INTERNA
Dewey 378.17
Notación Interna B81
100 ## - AUTOR
Autor denominación Brauer, Markus
Término de relación autor
245 #0 - TÍTULO DE MATERIAL BIBLIOGRÁFICO
Título Enseñar en la universidad:
Título paralelo consejos prácticos, destrezas y métodos pedagógicos
260 ## - CIUDAD, EDITORIAL, AÑO
Año 2013
300 ## - DESCRIPCIÓN
N° Páginas 230 páginas :
Dimensiones 23 cm.
650 ## - TEMAS
Temas Generalidades
654 ## - PROGRAMAS
Programa Dpto. de Educación
942 ## - ELEMENTOS DE KOHA
Tipo de documento Libro
Nombre del creador Justo Noguera
Código de catalogador Justo Noguera
Esquema de clasificación Dewey Decimal Classification
Suppress in OPAC
Existencias
Codigo completo Registro Colección Copia número Disponibilidad Tipo de préstamo Biblioteca Actual Procedencia (Biblioteca) Ubicacón Fecha Ingreso Tipo de Adquisición Date last seen Total checkouts Price effective from Tipo de Item Estado del Material Fuente de Clasificación Damaged status Withdrawn status
378.17 B81 1055681 Universidad Católica San Pablo 1 Disponible Disponible Víctor Andrés Belaunde Víctor Andrés Belaunde Planta baja abierta 03/06/2026 Compra 06/03/2026   06/03/2026 Libro Bueno Dewey Decimal Classification